|
|
|
|
| LEADER |
00000nab a2200000 ar4500 |
| 001 |
vtls010114438 |
| 003 |
SK-MaSNL |
| 005 |
20260303202615.0 |
| 008 |
100713c2010 xo mr|p|||||||000 b|slo |
| 015 |
|
|
|a SNBRB2010/07329.3
|
| 038 |
|
|
|a SNSK
|
| 040 |
|
|
|a SNSK
|b slo
|c SNSK
|e AACR2
|
| 041 |
|
|
|a slo
|
| 044 |
|
|
|a xo
|c SK
|
| 080 |
|
|
|a 329.052
|x (437.6)
|2 2001
|
| 080 |
|
|
|a 342.828
|2 2001
|
| 080 |
|
|
|a 929 Radičová, Iveta
|2 2001
|
| 100 |
1 |
|
|a Mezencevová, Zuzana
|4 ivr
|4 aut
|9 880652
|
| 245 |
1 |
0 |
|a Nechceme nič hrať
|b Iveta Radičová o predvolebnej kampani: zostanem sama sebou
|c [zhovárala sa] Zuzana Mezencevová ; [foto] Ivan Pastor
|
| 300 |
|
|
|b Fotogr.
|
| 600 |
1 |
7 |
|a Radičová, Iveta,
|d 1956-
|2 snsk
|9 106427
|
| 610 |
2 |
7 |
|a Slovenská demokratická a kresťanská únia (politická strana)
|2 snsk
|9 39553
|
| 648 |
|
7 |
|a 2010
|2 snsk
|9 324355
|
| 650 |
0 |
7 |
|a primárky
|2 snsk
|9 4510
|
| 655 |
|
7 |
|a rozhovory
|2 snsk
|9 31831
|
| 700 |
1 |
|
|a Radičová, Iveta,
|d 1956-
|4 ive
|4 aut
|9 106427
|
| 700 |
1 |
|
|a Pastor, Ivan
|4 pht
|9 301571
|
| 773 |
0 |
|
|t Život
|g Roč. 60, č. 10 (2010), s. 14-15
|x 0139-6323
|
| 852 |
|
|
|a SNSK
|b KIS3GCP
|
| 856 |
|
|
|u http://zivot.lesk.cas.sk/clanok/7112/iveta-radicova-nechcem-nic-hrat.html
|
| 958 |
|
|
|a BX
|
| 958 |
|
|
|a SK
|
| 999 |
|
|
|c 2180626
|d 2182556
|